| 000 | 00472nam 22001813 4500 | ||
|---|---|---|---|
| 001 | 32588 | ||
| 090 | _a32588 | ||
| 100 | _a20260317d u||y0pory50 ba | ||
| 101 | _apor | ||
| 200 |
_aMeteorologia Agrícola _fFernando Silveira da Mota |
||
| 205 | _a4º | ||
| 210 |
_aSão Paulo _cLivraria Nobel SA _d1979 |
||
| 317 | _5INMG | ||
| 500 | _aMeteorologia Agrícola | ||
| 606 |
_xMeteorologia Agrícola _923767 |
||
| 700 |
_aMota _bFernando Silveira da _923778 |
||
| 801 | _gISBD | ||
| 942 | _n0 | ||